| 000 | 00419nam a2200157Ia 4500 | ||
|---|---|---|---|
| 008 | 230312s9999||||xx |||||||||||||| ||und|| | ||
| 020 | _a8125920633 | ||
| 082 |
_a621.381 _bSAL-O |
||
| 100 | _aSalivahanan S. | ||
| 245 | 0 | _aDigital circuits and design | |
| 260 |
_bVikas _aNew Delhi _c2008 |
||
| 300 | _a665 | ||
| 546 | _aEng. | ||
| 650 |
_aEngineering _vNumber system and cods, Logic gate, Boolean algebra |
||
| 942 | _cBK | ||
| 999 |
_c1551 _d1551 |
||